| 000 | 00321 a2200133 4500 | ||
|---|---|---|---|
| 003 | Nust | ||
| 005 | 20170207154015.0 | ||
| 040 | _cNust | ||
| 082 | _a519 | ||
| 100 | _aDr Dobbs | ||
| 245 |
_aDr dobb's essentials books on algorithms and data structures-(E-BOOK) _cDr Dobbs |
||
| 260 |
_aNew York _bWesley _c2000 |
||
| 650 | _aE-BOOK | ||
| 942 |
_2ddc _cBK |
||
| 999 |
_c191391 _d191391 |
||